[Event "HUN-chT"]
[Site "HUN"]
[Date "1993.??.??"]
[Round "?"]
[White "Deak, Sandor"]
[Black "Gyorkos, Lajos"]
[Result "0-1"]
[WhiteElo "2385"]
[BlackElo "2435"]

1.c4 c5 2.Nf3 b6 3.g3 Bb7 4.Bg2 Nf6 5.O-O g6 6.b3 Bg7 7.Bb2 O-O 8.d4 cxd4
9.Qxd4 d6 10.Nc3 Nbd7 11.Rad1 Rc8 12.Qd2 a6 13.Nd4 Bxg2 14.Kxg2 Rc5 15.e4 Qa8
16.f3 Qb7 17.a4 Re8 18.Rfe1 Rcc8 19.Nd5 e5 20.Nxf6+ Nxf6 21.Ne2 b5 22.cxb5 axb5
23.Qb4 Rc2 24.Rd2 Rxd2 25.Qxd2 bxa4 26.bxa4 d5 27.exd5 Nxd5 28.Nc3 Rd8 29.Nxd5 Rxd5
30.Qc2 h5 31.Re2 Qd7 32.Bc3 Rc5 33.Qb3 Qd3 34.Qb8+ Kh7  0-1

[Event "Katerini GP"]
[Site "Katerini"]
[Date "1993.??.??"]
[Round "4"]
[White "Umanskaya, Irina"]
[Black "Grosar, Aljosa"]
[Result "1/2-1/2"]
[WhiteElo "2305"]
[BlackElo "2470"]

1.Nf3 Nf6 2.c4 b6 3.g3 c5 4.Bg2 Bb7 5.O-O g6 6.b3 Bg7 7.Bb2 O-O 8.Nc3 Na6
9.Rc1 e6 10.d4 d5 11.cxd5 Nxd5 12.Nxd5 Bxd5 13.Bc3 cxd4 14.Nxd4 Bxg2 15.Kxg2 Qd5+
16.Nf3 Rfd8 17.Qxd5 Rxd5 18.e4 Rd3 19.Bxg7 Kxg7 20.Rfd1 Rad8 21.Rxd3 Rxd3
22.Rc8 Kf6 23.Rh8 h5 24.Rh7 Rd7 25.e5+ Kf5 26.Nh4+ Kxe5 27.Nxg6+ Kf6 28.Nf4 Rd2
29.a4 Nc5 30.Rxh5 e5 31.Nh3 Nxb3 32.Rh6+ Kg7 33.Rc6 e4 34.Rc3 Nc5 35.a5 Nd3
36.axb6 axb6 37.Kg1 b5 38.Rb3 b4 39.Nf4 Rb2 40.Rxb2 Nxb2 41.Nd5 Nd3 42.Kf1 f5
43.h4 Kf7 44.h5 b3 45.Ke2 b2 46.Nc3 Nb4 47.Nb1 Kf6 48.f3 exf3+ 49.Kxf3 Kg5
50.h6 Nc6 51.h7 Ne5+ 52.Ke3 Ng6 53.Kf3 Kh5 54.h8=Q+ Nxh8 55.Kf4 Kg6 56.g4 fxg4
57.Kxg4 Nf7 58.Kf4 Nd6 59.Ke5 Nb5 60.Kd5 Kf5  1/2-1/2

[Event "Makarska"]
[Site "Makarska"]
[Date "1993.??.??"]
[Round "?"]
[White "Dizdar, Goran"]
[Black "Gyorkos, Lajos"]
[Result "1/2-1/2"]
[WhiteElo "2490"]
[BlackElo "2435"]

1.Nf3 Nf6 2.g3 b6 3.Bg2 Bb7 4.O-O c5 5.c4 g6 6.Nc3 Bg7 7.d4 cxd4 8.Qxd4 d6
9.b3 Nbd7 10.Bb2 O-O 11.Rfd1 a6 12.Nd5 Rc8 13.Ne1 Ba8 14.Rac1 Nc5 15.Ba1 Rb8
16.Nc2 Ne8 17.Qe3 e6 18.Bxg7 Nxg7 19.Nc3 Bxg2 20.Kxg2 Qc7 21.f3 Rbd8 22.Nb4 Qb7
23.Rd2 b5 24.cxb5 axb5 25.Rcd1 Rc8 26.Rc2 Nf5 27.Qf2 Na6 28.Nxa6 Qxa6 29.g4 b4
30.gxf5  1/2-1/2

[Event "Malmo"]
[Site "Malmo"]
[Date "1993.??.??"]
[Round "3"]
[White "Brynell, Stellan"]
[Black "Helgason, Reynir"]
[Result "0-1"]
[WhiteElo "2465"]
[BlackElo "2340"]

1.Nf3 Nf6 2.c4 c5 3.g3 b6 4.Bg2 Bb7 5.O-O g6 6.Nc3 Bg7 7.d3 d5 8.cxd5 Nxd5
9.Bd2 Nxc3 10.Bxc3 Bxc3 11.bxc3 O-O 12.a4 Nc6 13.Ne5 Na5 14.Bxb7 Nxb7 15.Nc4 Nd6
16.Qb3 Rb8 17.Rfb1 Qc8 18.Rb2 Qe6 19.Nxd6 exd6 20.Qxe6 fxe6 21.Rab1 Rb7 22.f4 Rfb8
23.e4 a6 24.c4 Kf7 25.Kf2 Ke7 26.g4 Kd7 27.h4 Kc6 28.Ke3 Rf8 29.Rh1 Rbf7
30.Rf2 b5 31.axb5+ axb5 32.cxb5+ Kxb5 33.h5 d5 34.hxg6 hxg6 35.e5 g5 36.Rhf1 gxf4+
37.Kf3 Rh7 38.Rb2+ Kc6 39.Ra1 Rh3+ 40.Kg2 Rg3+ 41.Kf2 d4 42.Ra6+ Kd5 43.Rbb6 Rxd3
44.Rxe6 Rb8 45.Red6+ Ke4 46.Ra2 Rh8 47.Kf1 Rf3+ 48.Rf2 Rxf2+ 49.Kxf2 Kxe5
50.Rc6 Kd5 51.Rf6 Ke4 52.Re6+ Kd3 53.Kf3 c4 54.Kxf4 c3 55.Rc6 c2 56.Ke5 Rh1  0-1

[Event "Massy op"]
[Site "Massy"]
[Date "1993.??.??"]
[Round "5"]
[White "Piankov, Evgenij"]
[Black "Roeder, Mathias"]
[Result "1-0"]
[WhiteElo "2395"]
[BlackElo "2425"]

1.Nf3 Nf6 2.c4 b6 3.g3 c5 4.Bg2 Bb7 5.O-O g6 6.b3 Bg7 7.Bb2 O-O 8.d4 e6 9.dxc5 bxc5
10.Nc3 d5 11.Na4 Na6 12.cxd5 exd5 13.Rc1 Rc8 14.Bh3 Rc7 15.Be5 Rc6 16.Bf4 Bc8
17.Bg2 Be6 18.Nd4 Rc8 19.Nxe6 fxe6 20.Qd3 Rc6 21.Be5 Nb4 22.Qb1 Nd7 23.Bxg7 Kxg7
24.a3 Na6 25.b4 Rc7 26.Nxc5 Naxc5 27.bxc5 Nxc5 28.Qb4 Qd6 29.Rc3 Rfc8 30.Rfc1 e5
31.Bh3 d4 32.Rc4 Rb7 33.Qxb7+ Nxb7 34.Rxc8 Nd8 35.R8c7+ Kf8 36.Rxa7 e4 37.Bg4 h5
38.Rd7 Qb8 39.Rxd8+ Qxd8 40.Rc8 Qxc8  1-0

[Event "Melbourne"]
[Site "Melbourne"]
[Date "1993.??.??"]
[Round "6"]
[White "Wohl, Aleksandar H"]
[Black "West, Guy"]
[Result "1/2-1/2"]
[WhiteElo "2360"]
[BlackElo "2405"]

1.Nf3 c5 2.c4 Nf6 3.g3 b6 4.Bg2 Bb7 5.O-O g6 6.Nc3 Bg7 7.d4 cxd4 8.Qxd4 Nc6
9.Qf4 Rc8 10.Rd1 Na5 11.b3 Nh5 12.Qe3 b5 13.Bb2 bxc4 14.b4 Nc6 15.b5 Na5
16.Qxa7 O-O 17.Ne1 Ra8 18.Qc5 Bxg2 19.Nxg2 d6 20.Qb4 Nf6 21.Ne3 Qc7 22.Ncd5 Nxd5
23.Nxd5 Qb7 24.Bxg7 Kxg7 25.Rac1 Rfc8 26.Ne3 Qc7 27.Rd5 Qb7 28.b6 Nc6 29.Qb2+ f6
30.Rxc4 Ra6 31.Rb5 Rca8 32.Qc2 Rxa2 33.Qe4 Rc8 34.Rb1 Ra5 35.Rbc1 Re5 36.Qg2 Rc5
37.Rxc5 dxc5 38.Rxc5 Qxb6 39.Rc1 Na7 40.Rxc8 Nxc8  1/2-1/2

[Event "Nagykanizsa op"]
[Site "Nagykanizsa"]
[Date "1993.??.??"]
[Round "8"]
[White "Zemerov, Vladimir"]
[Black "David, Adrian"]
[Result "0-1"]
[WhiteElo "2420"]
[BlackElo "2305"]

1.Nf3 Nf6 2.c4 b6 3.g3 c5 4.Bg2 Bb7 5.O-O g6 6.Nc3 Bg7 7.Re1 O-O 8.e4 d6
9.d4 cxd4 10.Nxd4 Nfd7 11.b3 Nc6 12.Be3 Rc8 13.Rc1 a6 14.Qd2 Nc5 15.Red1 Re8
16.h3 Rb8 17.Nde2 Ne5 18.f4 Nc6 19.g4 Ba8 20.Nd5 Nd7 21.Bf2 b5 22.g5 b4 23.h4 Nc5
24.Qc2 Qc8 25.Ne3 Ne6 26.Nf1 Nc5 27.Nh2 a5 28.h5 a4 29.hxg6 fxg6 30.Rb1 axb3
31.axb3 Rf8 32.Qd2 Na5 33.Qe3 Qb7 34.Ng4 Qc8 35.Nh6+ Kh8 36.Ng3 Nc6 37.f5 Ne5
38.Bh3 Qc6 39.Rd5 Qa6 40.Rd2 Qc6 41.Bg2 Bb7 42.Rbd1 Rbd8 43.Be1 Qb6 44.Kh1 Qa5
45.Ne2 Qa8 46.Ng3 Qa3 47.fxg6 hxg6 48.Qg1 Bxh6 49.gxh6 Qxb3 50.Qd4 Qxc4 51.Qe3 Qe6
52.Rd4 Kh7 53.Rxb4 Qf6 54.Ne2 Ng4 55.Qg3 Nf2+ 56.Bxf2 Qxf2 57.Qxf2 Rxf2 58.Nc3 Rf4
59.Nd5 Bxd5 60.Rxd5 Ra8 61.Rd2 Ra1+ 62.Kh2 Re1  0-1

[Event "Novosibirsk"]
[Site "Novosibirsk"]
[Date "1993.??.??"]
[Round "11"]
[White "Pigusov, Evgeny"]
[Black "Epishin, Vladimir"]
[Result "1/2-1/2"]
[WhiteElo "2575"]
[BlackElo "2620"]

1.Nf3 Nf6 2.c4 c5 3.g3 b6 4.Bg2 Bb7 5.O-O g6 6.b3 Bg7 7.Bb2 O-O 8.Nc3 Na6
9.d4 d5 10.dxc5 Nxc5 11.Nxd5 Nxd5 12.Bxg7 Kxg7 13.cxd5 Qxd5 14.Qxd5 Bxd5
15.Rfd1  1/2-1/2

[Event "Oviedo rapid"]
[Site "Oviedo"]
[Date "1993.??.??"]
[Round "11"]
[White "Cacho Reigadas, Sergio"]
[Black "Conquest, Stuart"]
[Result "0-1"]
[WhiteElo "2360"]
[BlackElo "2485"]

1.Nf3 Nf6 2.c4 b6 3.g3 c5 4.Bg2 Bb7 5.O-O g6 6.Nc3 Bg7 7.d4 cxd4 8.Qxd4 d6
9.Rd1 Nbd7 10.b3 Nc5 11.Bb2 O-O 12.Qd2 Rc8 13.Rac1 Qd7 14.Qe1 Nfe4 15.Nd4 Ng5
16.Bxb7 Qxb7 17.Qf1 f5 18.Qg2 Qd7 19.e3 Rf7 20.Rc2 a6 21.f4 Nge4 22.Nde2 h5
23.Nxe4 Nxe4 24.Bxg7 Kxg7 25.Nc3 Nxc3 26.Rxc3 h4 27.e4 fxe4 28.Qxe4 hxg3
29.Rxg3 Qf5 30.Qd4+ Rf6 31.Re1 Kf7  0-1

[Event "US op"]
[Site "Philadelphia"]
[Date "1993.??.??"]
[Round "?"]
[White "Alburt, Lev O"]
[Black "Benjamin, Joel"]
[Result "1/2-1/2"]
[WhiteElo "2545"]
[BlackElo "2620"]

1.Nf3 Nf6 2.c4 b6 3.g3 c5 4.Bg2 Bb7 5.O-O g6 6.Nc3 Bg7 7.d3 O-O 8.Bd2 Nc6
9.Ne1 d6 10.a3 Qd7 11.Nd5 e6 12.Nxf6+ Bxf6 13.Bc3 Bxc3 14.bxc3 f5 15.f4 Na5
16.Nf3 Rae8 17.Nd2 Bxg2 18.Kxg2 d5 19.cxd5 exd5 20.Nf3 Nc6 21.d4 Re4 22.Ra2 Rfe8
23.Ne5 Nxe5 24.dxe5 g5 25.Rd2 Rd8 26.Rd3 Qc6 27.Kg1 Rd7 28.Qd2 d4 29.cxd4 c4
30.Qc2 Qd5 31.Rd2 gxf4 32.Rf3 Rxd4 33.Rxd4 Qxd4+ 34.Kg2 Qe4 35.Qxe4 fxe4
36.Rc3 f3+ 37.exf3 Rd2+ 38.Kh3 b5 39.f4 Rd3 40.Rc2 Kf7 41.f5 Rd5 42.Kg4 Rxe5
43.Kf4 Re7 44.Rc3 a5 45.Ke3 Kf6 46.a4 bxa4 47.Rxc4  1/2-1/2

[Event "Podgorica"]
[Site "Podgorica"]
[Date "1993.??.??"]
[Round "4"]
[White "Abramovic, Bosko"]
[Black "Pavlovic, Milos"]
[Result "1-0"]
[WhiteElo "2475"]
[BlackElo "2455"]

1.Nf3 Nf6 2.g3 b6 3.Bg2 Bb7 4.O-O c5 5.c4 g6 6.b3 Bg7 7.Bb2 O-O 8.e3 d5 9.cxd5 Na6
10.a3 Rc8 11.d3 Bxd5 12.Nbd2 Qd7 13.Qe2 Rfd8 14.Rfd1 Nb8 15.Nc4 Nc6 16.Rac1 Be6
17.Ng5 Bg4 18.f3 Be6 19.Nxe6 Qxe6 20.Qf1 Ne8 21.Bh3 f5 22.Bxg7 Nxg7 23.a4 Rc7
24.Qe1 Rcd7 25.Bf1 Ne8 26.f4 Nd6 27.Bg2 Nxc4 28.bxc4 Nb4 29.d4 Qf6 30.h3 e6
31.g4 fxg4 32.hxg4 g5 33.f5 exf5 34.gxf5 Qxf5 35.e4 Qf4 36.d5 Re7 37.Qe2 Rf8
38.Rf1 Qe5 39.Rcd1 Rfe8 40.Qf2 Na6 41.d6 Rd7 42.Rd5 Qe6 43.Rf5 Qxd6 44.e5 Qd4
45.Bd5+ Kh8 46.Qxd4  1-0

[Event "Podgorica"]
[Site "Podgorica"]
[Date "1993.??.??"]
[Round "6"]
[White "Kosic, Dragan"]
[Black "Pavlovic, Milos"]
[Result "1/2-1/2"]
[WhiteElo "2455"]
[BlackElo "2455"]

1.Nf3 Nf6 2.g3 b6 3.Bg2 Bb7 4.O-O c5 5.c4 g6 6.b3 Bg7 7.Bb2 O-O 8.Nc3 Na6
9.d4 e6 10.dxc5 Nxc5 11.Qc2 Qe7 12.Rfd1 Rfd8 13.Rac1 Rac8 14.e3  1/2-1/2

[Event "Ptuj-B"]
[Site "Ptuj"]
[Date "1993.??.??"]
[Round "5"]
[White "Plesec, Damjan"]
[Black "Velickovic, Zoran"]
[Result "1/2-1/2"]
[WhiteElo "2380"]
[BlackElo "2285"]

1.Nf3 c5 2.c4 Nf6 3.g3 b6 4.Bg2 Bb7 5.O-O g6 6.d4 cxd4 7.Qxd4 Bg7 8.Nc3 O-O
9.Qh4 d6 10.Bh6 Nbd7 11.Rac1 Rc8 12.b3 Rc5 13.Ng5 Bxg2 14.Kxg2 Qa8+ 15.f3 Re8
16.Rfd1 Bh8 17.g4 d5 18.cxd5 Nxd5 19.Nxd5 Rxd5 20.Ne4 Nf6 21.Rxd5 Qxd5 22.Qg5 Qxg5
23.Nxg5 Nd5 24.Ne4 Bg7 25.Bxg7 Kxg7 26.Kf2 e6 27.Rc6 Re7 28.a3 Rd7 29.b4 Ne7
30.Rc1 h6 31.Rc2 f5 32.gxf5 gxf5 33.Ng3 Kf6 34.Nh5+ Kg6 35.Nf4+ Kf6 36.Nd3 a5
37.bxa5 bxa5 38.f4 Rd4 39.Rb2 Nd5 40.Kf3 Re4 41.Rb7 Ra4 42.Rb3  1/2-1/2

[Event "SLO-chT"]
[Site "?"]
[Date "1993.??.??"]
[Round "?"]
[White "Karnar, Marijan"]
[Black "Ilijin, Neboisa"]
[Result "0-1"]
[WhiteElo "2255"]
[BlackElo "2290"]

1.Nf3 Nf6 2.g3 b6 3.Bg2 Bb7 4.O-O c5 5.c4 g6 6.b3 Bg7 7.Bb2 d6 8.Nc3 Nbd7
9.e3 O-O 10.d4 cxd4 11.exd4 d5 12.Ne5 e6 13.Nb5 Nxe5 14.dxe5 Ne4 15.Bxe4 dxe4
16.Nd6 Bc6 17.Qe2 f5 18.exf6 Bxf6 19.Bxf6 Qxd6 20.Rad1 Qc7 21.Bg5 h5 22.Qd2 Rac8
23.Qd6 Qf7 24.Qe5 Ba8 25.Rd6 Rc5  0-1

[Event "SWE-chT 9293"]
[Site "SWE"]
[Date "1993.??.??"]
[Round "8"]
[White "Karlsson, Lars"]
[Black "Svensson, Bengt"]
[Result "1-0"]
[WhiteElo "2480"]
[BlackElo "2380"]

1.Nf3 c5 2.g3 b6 3.Bg2 Bb7 4.O-O Nf6 5.c4 g6 6.e3 Bg7 7.d4 cxd4 8.exd4 d5
9.Ne5 O-O 10.Nc3 e6 11.Bg5 h6 12.Bxf6 Bxf6 13.cxd5 exd5 14.Qb3 Nc6 15.Nxc6 Bxc6
16.Rad1 Rc8 17.Bxd5 Bxd5 18.Nxd5 Bg7 19.Rfe1 Re8 20.Re3 Qd7 21.Rxe8+ Rxe8
22.Qf3 Re6 23.Rc1 Qb5 24.Kg2 Qe2 25.Rc8+ Bf8 26.Qa3 Qe4+ 27.f3 Qe2+ 28.Kh3 Qf1+
29.Kh4 Re4+ 30.fxe4 g5+ 31.Kg4 f5+ 32.Kh5  1-0

[Event "Tel Aviv"]
[Site "Tel Aviv"]
[Date "1993.??.??"]
[Round "?"]
[White "Teplitsky, Yan"]
[Black "Krays, Alexander"]
[Result "1/2-1/2"]
[WhiteElo "2375"]
[BlackElo "2290"]

1.Nf3 Nf6 2.c4 b6 3.g3 Bb7 4.Bg2 c5 5.O-O g6 6.Nc3 Bg7 7.d4 cxd4 8.Qxd4 O-O
9.Qh4 d6 10.Bh6 Nbd7 11.Rfd1 Rc8 12.b3 Re8 13.Bxg7 Kxg7 14.Rac1 Rc5 15.Qd4 Qa8
16.Ne1 Bxg2 17.Nxg2 Kg8 18.Ne3 Rcc8 19.Ned5 Qc6 20.Qe3 Nxd5 21.Nxd5 Kf8 22.Qh6+ Kg8
23.Rd4 Nf8 24.Re4 Qb7 25.Rc3 f5 26.Rh4 b5 27.Re3 bxc4 28.bxc4 Rxc4 29.Rxe7 Rxe7
30.Nxe7+ Qxe7 31.Rxc4 Qxe2 32.Qc1 Qxa2 33.Rc8 Qe6 34.h4 f4 35.Qc4 Qxc4 36.Rxc4 fxg3
37.fxg3 Kf7 38.Rc7+ Ke6 39.Rxa7 Nd7 40.Kf2 Nf6 41.Kf3 Kf5 42.Rf7 h5 43.Ke3 Ke5
44.Re7+ Kf5 45.Kd4 d5 46.Rf7 Ke6 47.Rf8 Kf5 48.Ke3 Ke5 49.Kf3 Kf5 50.Ra8 Ne4
51.Ra5 Nf6 52.Ra1 Ne4 53.Ra3 Nd2+ 54.Kg2 Ne4 55.Rf3+ Ke5 56.Kh3 Nf6 57.Rf4 Ne4
58.Kg2 Nf6 59.Kf2 Ne4+ 60.Kf3 Nf6 61.Ke3 Ng4+ 62.Kd3 Nf6 63.Rf1 Ne4 64.Rf3 Nf6
65.Kc3 Ne4+ 66.Kb4 Nd2 67.Re3+ Ne4 68.Rd3 Kf5 69.Rxd5+ Kg4 70.Re5  1/2-1/2

[Event "Warsaw op"]
[Site "Warsaw"]
[Date "1993.??.??"]
[Round "5"]
[White "Krzywicki, Dariusz"]
[Black "Adamski, Jan"]
[Result "1/2-1/2"]
[WhiteElo "2305"]
[BlackElo "2410"]

1.Nf3 Nf6 2.g3 b6 3.Bg2 Bb7 4.O-O g6 5.c4 c5 6.b3 Bg7 7.Bb2 O-O 8.Nc3 Na6
9.Rc1 d5 10.Nxd5 Nxd5 11.Bxg7 Kxg7 12.cxd5 Qxd5 13.d4 Rfd8 14.dxc5 Nxc5 15.Qc2 Qf5
16.Qxf5 gxf5 17.Rfd1 Kf6 18.Nd4 Bxg2  1/2-1/2

[Event "Wiesbaden op"]
[Site "Wiesbaden"]
[Date "1993.??.??"]
[Round "9"]
[White "Lobron, Eric"]
[Black "Bandza, Algirdas"]
[Result "1-0"]
[WhiteElo "2575"]
[BlackElo "2350"]

1.Nf3 Nf6 2.c4 b6 3.g3 c5 4.Bg2 Bb7 5.O-O g6 6.Nc3 Bg7 7.Re1 Ne4 8.Nxe4 Bxe4
9.d4 O-O 10.d5 e6 11.Bf1 exd5 12.cxd5 h6 13.Qb3 d6 14.Nd2 Bf5 15.Nc4 Bc8
16.a4 Ba6 17.e4 Bxc4 18.Bxc4 Nd7 19.f4 a6 20.Qd3 b5 21.axb5 axb5 22.Rxa8 Qxa8
23.Bxb5 Qa7 24.Kg2 Rb8 25.Re2 Rb6 26.b3 Nf6 27.Bc4 Nd7 28.Bb2 Bxb2 29.Rxb2 Qa1
30.Qb1 Qa5 31.Ra2 Qc3 32.Qa1 Qe3 33.Re2 Qd4 34.Qa7 Qd1 35.Qxd7 Rxb3 36.Qd8+ Kh7
37.Qf6 Kg8 38.f5 Rb1 39.fxg6  1-0

[Event "Wijk op"]
[Site "Wijk aan Zee"]
[Date "1993.??.??"]
[Round "10"]
[White "Rotstein, Arkadij"]
[Black "Grooten, Herman"]
[Result "0-1"]
[WhiteElo "2465"]
[BlackElo "2410"]

1.c4 Nf6 2.Nf3 c5 3.g3 b6 4.Bg2 Bb7 5.O-O g6 6.Nc3 Bg7 7.Re1 d6 8.e4 Nbd7
9.d4 cxd4 10.Nxd4 Rb8 11.b3 O-O 12.Bb2 a6 13.Qe2 e6 14.Rad1 Re8 15.Ba3 Bf8
16.Qd2 Nc5 17.b4 Ncd7 18.b5 Ne5 19.Qe2 Qc8 20.Rc1 Nfd7 21.bxa6 Bxa6 22.Ncb5 Nc5
23.Red1 Bb7 24.f4 Nc6 25.Nb3 Ra8 26.Rb1 Rd8 27.Bc1 d5 28.cxd5 exd5 29.exd5 Nb4
30.Qc4 Qf5 31.Bb2 Nbd3 32.Bc3 Ra4 33.N3d4 Rxc4 34.Nxf5 gxf5 35.Bf6 Rd7 36.Bh3 Rxd5
37.Nc7 Rd7 38.Ne8 Rc2 39.Ba1 Ne4 40.Rb5 Bc5+ 41.Rxc5 Ndxc5 42.Re1 Rdd2 43.Bf1 Rxh2  0-1

[Event "Alushta3"]
[Site "Alushta"]
[Date "1994.??.??"]
[Round "5"]
[White "Fominyh, Alexander"]
[Black "Zagrebelny, Sergey"]
[Result "1/2-1/2"]
[WhiteElo "2515"]
[BlackElo "2510"]

1.Nf3 Nf6 2.c4 b6 3.g3 c5 4.Bg2 Bb7 5.O-O g6 6.Nc3 Bg7 7.d4 cxd4 8.Qxd4 d6
9.b3 Nbd7 10.Bb2 O-O 11.Rfd1 Rc8 12.Rac1 a6 13.h3 Ne4 14.Qe3 b5 15.cxb5 axb5
16.Nd4 Nxc3 17.Rxc3 Bxg2 18.Kxg2 Bf6 19.Rdc1 Rxc3 20.Bxc3 Qa8+ 21.Nf3  1/2-1/2

[Event "AUT-ch"]
[Site "Austria"]
[Date "1994.??.??"]
[Round "8"]
[White "Fauland, Alexander"]
[Black "Baumgartner, Heinz"]
[Result "1-0"]
[WhiteElo "2415"]
[BlackElo "2270"]

1.Nf3 Nf6 2.c4 c5 3.g3 b6 4.Bg2 Bb7 5.O-O g6 6.Nc3 Bg7 7.Re1 d5 8.d4 dxc4
9.dxc5 Qxd1 10.Rxd1 Nbd7 11.cxb6 Nxb6 12.Ne5 Bxg2 13.Kxg2 O-O 14.Nc6 e6 15.Nb5 Nfd5
16.e4 a6 17.Nd6 c3 18.exd5 cxb2 19.Bxb2 Bxb2 20.Rab1 Na4 21.Nc4 Bf6 22.d6 Nc3
23.Nb6 Nxb1 24.Rxb1 Rab8 25.Nxb8 Rxb8 26.Rb3 Rb7 27.Nd5 Rxb3 28.Nxf6+ Kg7
29.Nh5+ gxh5 30.axb3 Kf8 31.Kh3 Ke8 32.Kh4 Kd7 33.Kxh5 Kxd6 34.Kh6 Ke5 35.Kxh7 Kf6
36.h4 e5 37.h5  1-0

[Event "Belgrade"]
[Site "Belgrade"]
[Date "1994.??.??"]
[Round "5"]
[White "Damljanovic, Branko"]
[Black "Greenfeld, Alon"]
[Result "1/2-1/2"]
[WhiteElo "2505"]
[BlackElo "2600"]

1.Nf3 Nf6 2.c4 c5 3.g3 b6 4.Bg2 Bb7 5.O-O g6 6.d4 cxd4 7.Qxd4 d6 8.Be3 Nbd7
9.Nc3 Bg7 10.Rac1 Rc8 11.b3 Nc5 12.Rfd1 Qd7 13.Qh4 Qg4 14.Qxg4 Nxg4 15.Bd4 Bxd4
16.Nxd4 Bxg2 17.Kxg2 Nf6 18.f3 a6 19.g4 h6 20.h4 e6 21.g5 Nfd7 22.f4 Ke7
23.Nf3 Rc7 24.e4 hxg5 25.hxg5 f5 26.exf5 gxf5 27.Re1 Kf7 28.Rcd1 Nb7 29.g6+ Kf6
30.Ng5 Nf8 31.Nxe6 Nxe6 32.Nd5+ Kg7 33.Rxe6 Rd7 34.Rh1 Rxh1 35.Kxh1 Nc5 36.Re3 b5
37.cxb5 axb5 38.Re7+ Kxg6 39.Rxd7 Nxd7 40.Nc3 b4 41.Nd5 Kh5 42.Kg2 Kg4 43.Kf2 Nb8
44.Kg2  1/2-1/2

[Event "Belgrade Trako"]
[Site "Belgrade"]
[Date "1994.??.??"]
[Round "10"]
[White "Genov, Petar"]
[Black "Bogdanovski, Vlatko"]
[Result "1/2-1/2"]
[WhiteElo "2470"]
[BlackElo "2515"]

1.Nf3 c5 2.c4 Nf6 3.g3 b6 4.Bg2 Bb7 5.O-O g6 6.b3 Bg7 7.Bb2 O-O 8.Nc3 e6
9.d4 Na6 10.Qd2 d5 11.cxd5 exd5 12.Rfd1  1/2-1/2

[Event "Berliner Sommer"]
[Site "Berlin"]
[Date "1994.??.??"]
[Round "?"]
[White "Kuporosov, Viktor"]
[Black "Delekta, Piotr"]
[Result "1/2-1/2"]
[WhiteElo "2510"]
[BlackElo "2305"]

1.Nf3 c5 2.g3 b6 3.Bg2 Bb7 4.O-O Nf6 5.c4 g6 6.b3 Bg7 7.Bb2 O-O 8.e3 d5 9.Qe2 Nbd7
10.d3 Qc7 11.Nc3 Rac8 12.Rac1 Qb8 13.Rfd1 Rfd8 14.h4 e6 15.cxd5 Nxd5 16.Nxd5 Bxd5
17.Bxg7 Bxf3 18.Qxf3 Kxg7 19.h5 Qe5 20.h6+ Kxh6 21.Qxf7 Qf6 22.Qxf6 Nxf6
23.Bh3 Rc6 24.b4 e5 25.Kf1 c4 26.Ke1 c3 27.Rc2 e4 28.dxe4 Rd2 29.Rdxd2 cxd2+
30.Rxd2 Nxe4 31.Rb2 Kg5 32.Bg2 Rc1+ 33.Ke2 Nd6 34.Bd5 Nc4 35.Bxc4 Rxc4 36.Kd3 Rc1
37.b5 Kg4 38.Rb4+ Kf3 39.Rf4+ Kg2 40.Rf7 h5 41.e4 g5 42.Rg7 Rc5 43.f4 Kxg3
44.f5 Kf4 45.f6 Rc8 46.f7 Rf8 47.e5 Kxe5 48.Rxg5+  1/2-1/2

[Event "Berliner Sommer"]
[Site "Berlin"]
[Date "1994.??.??"]
[Round "?"]
[White "Berger, Gerd Helmar"]
[Black "Verdihanov, Vladislav"]
[Result "0-1"]
[WhiteElo "2220"]
[BlackElo "2410"]

1.c4 Nf6 2.Nf3 c5 3.g3 b6 4.Bg2 Bb7 5.O-O g6 6.Nc3 Bg7 7.Re1 O-O 8.e4 d6
9.d4 cxd4 10.Nxd4 Qc8 11.b3 Nbd7 12.Bb2 a6 13.Qd2 Re8 14.h3 Qb8 15.Rad1 Qa7
16.Re2 Rac8 17.Kh2 Qa8 18.Rde1 Qb8 19.Ba1 Ba8 20.Rd1 Nc5 21.Qe1 h5 22.h4 Bb7
23.f3 Nh7 24.Nd5 Ba8 25.Nc2 Bxa1 26.Rxa1 b5 27.Nce3 bxc4 28.Nxc4 Bc6 29.Rd2 Bb5
30.Nde3 Nf6 31.Rad1 Nfd7 32.Bh3 Rcd8 33.Rd4 Bxc4 34.Nxc4 Nf8 35.Qe3 Kh7 36.f4 Ncd7
37.f5 Nf6 38.fxg6+ fxg6 39.e5 dxe5 40.Nxe5 Qb6 41.Nf7 Rxd4 42.Rxd4 e5 43.Rd3 Qxe3
44.Rxe3 e4 45.Kg2 Kg7 46.Ng5 N8h7 47.Nxh7 Kxh7 48.Kf2 Nd5 49.Re1 Nb4 50.Bf1 Nc2
51.Re2 e3+ 52.Kg1 Nd4 53.Rb2 e2 54.Bxe2 Rxe2 55.Rxe2 Nxe2+ 56.Kf2 Nc1 57.Ke3 Nxa2
58.Kd4  0-1

[Event "Wch Seniors"]
[Site "Biel"]
[Date "1994.??.??"]
[Round "7"]
[White "Zhukhovitsky, Samuel"]
[Black "Suetin, Alexey S"]
[Result "1/2-1/2"]
[WhiteElo "2395"]
[BlackElo "2395"]

1.Nf3 Nf6 2.c4 c5 3.g3 b6 4.Bg2 Bb7 5.O-O g6 6.Nc3 Bg7 7.d4 cxd4 8.Nxd4 Bxg2
9.Kxg2 Nc6 10.Nxc6 dxc6 11.Qa4 Qc8 12.e4 O-O 13.Qc2 Rd8 14.f3 Nd7 15.Bd2 Nc5
16.Rad1 Ne6 17.b3 Qc7 18.Ne2 Rd7 19.Bc3 Rad8 20.Bxg7 Kxg7 21.Nc3 Qe5 22.f4 Qc5
23.Rxd7 Rxd7 24.Rd1 Rxd1 25.Nxd1 f6 26.Qd3 Qd4 27.Qxd4 Nxd4 28.Kf2 Kf7 29.Ke3 e5
30.g4 Nc2+ 31.Kd2 Nd4 32.Ke3 Nc2+ 33.Kd2 Nd4  1/2-1/2

[Event "Biel op"]
[Site "Biel"]
[Date "1994.??.??"]
[Round "8"]
[White "Anic, Darko"]
[Black "Ambroz, Jan"]
[Result "1/2-1/2"]
[WhiteElo "2445"]
[BlackElo "2425"]

1.Nf3 Nf6 2.c4 b6 3.g3 c5 4.Bg2 Bb7 5.O-O g6 6.Nc3 Bg7 7.d4 cxd4 8.Qxd4 Nc6
9.Qf4 Qb8 10.Qxb8+ Rxb8 11.Bf4 Rc8 12.Rac1 h6  1/2-1/2

[Event "Papp Bela mem"]
[Site "Budapest"]
[Date "1994.??.??"]
[Round "5"]
[White "Fancsy, Imre"]
[Black "Dudas, Janos"]
[Result "1/2-1/2"]
[WhiteElo "2400"]
[BlackElo "2310"]

1.Nf3 c5 2.c4 Nf6 3.g3 b6 4.Bg2 Bb7 5.O-O g6 6.Nc3 Bg7 7.d4 cxd4 8.Qxd4 d6
9.Rd1 Nbd7 10.Be3 Rc8 11.b3 a6 12.Rac1 O-O 13.Qh4 Re8 14.Bh3 Qc7 15.Bh6 Bxh6
16.Qxh6 Bxf3 17.exf3 Qb7 18.Rd4 Rc5 19.Bxd7 Qxd7 20.Rh4 Rh5 21.Rxh5 Nxh5
22.Nd5 b5 23.Re1 bxc4 24.bxc4 e6 25.Qxh5 exd5 26.Rxe8+ Qxe8 27.Qxd5 Qa4 28.h4 Qxa2
29.h5 gxh5 30.Qxd6 Qxc4 31.Qd8+ Kg7 32.Qg5+ Kf8 33.Qd8+ Kg7 34.Qg5+ Kh8 35.Qd8+ Kg7  1/2-1/2

[Event "Doeberl Cup"]
[Site "Canberra"]
[Date "1994.??.??"]
[Round "5"]
[White "Johansen, Darryl K"]
[Black "West, Guy"]
[Result "1-0"]
[WhiteElo "2500"]
[BlackElo "2410"]

1.Nf3 c5 2.g3 b6 3.Bg2 Bb7 4.O-O Nf6 5.c4 g6 6.d3 Bg7 7.e4 O-O 8.Nc3 Nc6
9.Nh4 d6 10.f4 Qd7 11.f5 Nd4 12.g4 b5 13.g5 Ne8 14.Bh3 bxc4 15.dxc4 Be5 16.Qd3 e6
17.Bd2 Nc7 18.Rad1 Qc6 19.Bg2 Rab8 20.Bf4 Bxf4 21.Rxf4 Qb6 22.Rf2 Rbd8 23.Rdf1 Bc6
24.f6 d5 25.e5 dxc4 26.Qh3 Nf5 27.Nxf5 exf5 28.Qh6 Ne6 29.Ne2 Bxg2 30.Rf4 Rd4
31.Nxd4 cxd4 32.Rh4 d3+ 33.Rf2  1-0

[Event "Copenhagen op16"]
[Site "Copenhagen"]
[Date "1994.??.??"]
[Round "2"]
[White "Nielsen, Peter Heine"]
[Black "Brinck Claussen, Bjorn"]
[Result "1/2-1/2"]
[WhiteElo "2475"]
[BlackElo "2350"]

1.Nf3 Nf6 2.c4 b6 3.g3 Bb7 4.Bg2 c5 5.O-O g6 6.b3 Bg7 7.Bb2 O-O 8.Nc3 Na6
9.d4 cxd4 10.Qxd4 Ne4 11.Qe3 Nxc3 12.Bxc3 Bxc3 13.Qxc3 Nc5 14.Rad1 Ne4 15.Qe3 Nf6
16.Rd4 Rc8 17.Qh6 Bxf3 18.Bxf3 Kh8 19.Rfd1 d6 20.h4 Rg8 21.Qe3 Rc5 22.b4 Rc7
23.Qa3 Qc8 24.Qb2 Qf8 25.e3  1/2-1/2

[Event "Eupen op act"]
[Site "Eupen"]
[Date "1994.??.??"]
[Round "5"]
[White "Vaganian, Rafael A"]
[Black "Roeder, Mathias"]
[Result "1-0"]
[WhiteElo "2625"]
[BlackElo "2435"]

1.Nf3 Nf6 2.c4 b6 3.g3 c5 4.Bg2 Bb7 5.O-O g6 6.d4 cxd4 7.Qxd4 Bg7 8.Nc3 Nc6
9.Qf4 Na5 10.b3 Qb8 11.Qe3 O-O 12.Ba3 Re8 13.Rad1 Ng4 14.Qd2 Ne5 15.Nd5 Nxf3+
16.exf3 Nc6 17.f4 Nd4 18.Bb2 Nf5 19.Rfe1 h5 20.Bxg7 Kxg7 21.Qc3+ Kh6 22.Bh3 Qd8
23.Bxf5 Bxd5 24.Rxd5 e6 25.Bxe6 fxe6 26.Rd6 Rc8 27.Qd2 Qf6 28.Rxd7 Rcd8 29.f5+ g5
30.Rxe6 Rxe6 31.fxe6 Re8 32.h4 Qa1+ 33.Kg2  1-0

[Event "Formia op"]
[Site "Formia"]
[Date "1994.??.??"]
[Round "2"]
[White "Konopka, Michal"]
[Black "Langeweg, Kick"]
[Result "1/2-1/2"]
[WhiteElo "2455"]
[BlackElo "2390"]

1.Nf3 Nf6 2.c4 b6 3.g3 c5 4.Bg2 Bb7 5.O-O g6 6.Nc3 Bg7 7.d4 cxd4 8.Qxd4 Nc6
9.Qf4 Rc8 10.Rd1 Na5 11.b3 a6 12.Bd2 O-O 13.Rac1 d6 14.Qh4 Rc5 15.Bg5 b5
16.Nd5 bxc4 17.bxc4 Nxc4 18.Bxf6 exf6 19.Ne1 Ne5 20.Rxc5 dxc5 21.Nxf6+ Qxf6
22.Qxf6 Bxf6 23.Bxb7 a5 24.Rc1  1/2-1/2

[Event "Formia op"]
[Site "Formia"]
[Date "1994.??.??"]
[Round "4"]
[White "Dizdarevic, Emir"]
[Black "Contin, Daniel"]
[Result "1/2-1/2"]
[WhiteElo "2515"]
[BlackElo "2420"]

1.Nf3 Nf6 2.g3 b6 3.Bg2 Bb7 4.O-O c5 5.c4 g6 6.d4 cxd4 7.Qxd4 Bg7 8.Nc3 d6
9.Rd1 Nbd7 10.b3 O-O 11.Bb2 Ne4 12.Qe3 Ndc5 13.Nd4 Nxc3 14.Bxc3 Bxg2 15.Kxg2 Qd7
16.Qf3 a6 17.Rac1 Rfc8 18.Bb4 Ra7  1/2-1/2

[Event "Geneve op"]
[Site "Geneve"]
[Date "1994.??.??"]
[Round "3"]
[White "Gheorghiu, Florin"]
[Black "Gurevich, Dmitry"]
[Result "1/2-1/2"]
[WhiteElo "2465"]
[BlackElo "2545"]

1.Nf3 Nf6 2.c4 c5 3.g3 b6 4.Bg2 Bb7 5.O-O g6 6.b3 Bg7 7.Bb2 O-O 8.Nc3 Nc6
9.d4 Nxd4 10.Nxd4 Bxg2 11.Kxg2 cxd4 12.Qxd4 d6 13.Rfd1 Nd7  1/2-1/2